000
00261nam a2200097Ia 4500
082
_a
T 305.5680973 MARC
245
0
_a
Extremist groups
100
_a
MARCOVITZ, Hal Edina, MN, [c.2009]
_9
76427
942
_c
BK
008
210817s9999 xx 000 0 und d
999
_c
254262
_d
254261